Dynamické simulácie čistiarne odpadových vôd

Gespeichert in:
Bibliographische Detailangaben
1. Verfasser: Korbeľa, Daniel
Format: Software Buch
Sprache:Slowakisch
Veröffentlicht: Bratislava STU FCHPT 2011
Online-Zugang:Im OPAC anzeigen
Tags: Tag hinzufügen
Keine Tags, Fügen Sie das erste Tag hinzu!

MARC

LEADER 00000nam a2200000 a 4500
005 20260127134214.0
007 co ugu macba
008 110920 2011 xo 000 0 slo d
035 |a vtls010312116 
039 9 |y 201109201252  |z mschk03 
040 |a STUSCHK1  |b slo  |c STUSCHK1  |e AACR2 
100 1 |a Korbeľa, Daniel 
245 1 |a Dynamické simulácie čistiarne odpadových vôd  |c Daniel Korbeľa 
260 |a Bratislava  |b STU FCHPT  |c 2011 
300 |a 1 elektronický disk 
500 |a Obháj.: 22.8. 2011 
500 |a Študijný program: chemické technológie 
500 |a Študijný odbor: 5.2.18 chemické technológie 
500 |a Bakalárska práca na CD-ROMe 
500 |a FCHPT, Oddelenie environmentálneho inžinierstva 
500 |a Evidenčné číslo: 5438-50888 
910 |a SCHK95 
999 |c 6642  |d 6642